Integrated microanalytical system coupling permeation liquid membrane and voltammetry for trace metal speciation. theory and alications /

Guardado en:
Detalles Bibliográficos
Autor principal: Salaun, P.
Otros Autores: Buffle, J.
Formato: Artículo
Lenguaje:English
Materias:
Etiquetas: Agregar Etiqueta
Sin Etiquetas, Sea el primero en etiquetar este registro!
Thư viện lưu trữ: Thư viện Trường Đại học Đà Lạt
LEADER 01009nam a2200337 4500
001 DLU090097650
005 ##20091201
040 # # |a DLU  |b eng 
041 # # |a eng 
044 # # |a us 
100 # # |a Salaun, P. 
245 # # |a Integrated microanalytical system coupling permeation liquid membrane and voltammetry for trace metal speciation. theory and alications /  |c P. Salaun, J. Buffle. 
653 # # |a Diffusion 
653 # # |a Equilibrium constant 
653 # # |a Liquid membrane 
653 # # |a Membrane cell 
653 # # |a Microanalysis 
653 # # |a Permeation 
653 # # |a Trace analysis 
653 # # |a Voltammetry 
700 # # |a Buffle, J. 
773 # # |t Analytical Chemistry  |g Vol. 76, no. 1 (January 2004), p. 31-39 
920 # # |a Phòng Tạp chí -- Trung tâm Thông tin - Thư viện Trường Đại học Đà Lạt 
994 # # |a DLU 
900 # # |a True 
911 # # |a Trương Bảo Trâm Anh 
925 # # |a G 
926 # # |a A 
927 # # |a BB 
980 # # |a Thư viện Trường Đại học Đà Lạt